Quiz virages de circuits de Formule 1 - Statistiques

Statistiques générales
  • Ce quiz a été pris 47 fois
  • Le résultat moyen est 5 sur 10
Statistiques - réponses
Question Réponse % Correct
Dans quel virage du circuit de Silverstone Lewis Hamilton et Max Verstappen se sont-ils percutés, entraînant un choc de 51G pour ce dernier, en 2021 ? Copse
72%
Comment s'appelle le premier virage du célèbre circuit de Monaco ? Sainte-Dévote
69%
Laquelle de ces images correspond à un virage du circuit de Portimao, qui reviendra au calendrier de la Formule 1 en 2027 ?
54%
À quelle vitesse MAXIMUM se prend le Loews, le virage le plus lent de la saison, qui se trouve à Monaco ? 50 km/h (31 mph)
54%
Quelle est la pente du très célèbre Raidillon du circuit de Spa-Francorchamps ? 17%
49%
Lequel de ces virages ne se trouve PAS dans le circuit d'Imola ? Variente Ascari
46%
En quelle année a-t-on eu droit à un départ totalement chaotique au premier virage du circuit de l'Albert Park, notamment lorsque une voiture s'envole au-dessus d'une autre ? 2002
38%
Quel virage du circuit d'Interlagos porte le nom de "Curva do Sol" (Courbe du Soleil) ? Le virage 3
31%
Sur quel circuit se trouve, selon les statistiques, le plus gros point de freinage de la saison de Formule 1 ? Circuit de Yas Marina (Abu Dhabi)
23%
Quel virage du circuit de Suzuka a coûté la vie au pilote français Jules Bianchi en 2014 ? Dunlop
18%
Aucun quiz correspondant
Distribution des résultats
% des personnes avec chaque résultat
Percentile par nombre de réponses
Votre historique - résultats
Vous n’avez pas pris ce quiz